000 00703nam a2200229 a 4500
005 20160225104727.0
008 140317s1994 uy ab fr|||| 000 0 spa d
020 _a9290890411
040 _aCO-BoIAVH
_cCO-BoIAVH
041 0 _aspa
044 _auy
082 0 4 _a553.7
_bF99a
100 1 _aFuschini Mejía, Mario C.
245 1 3 _aEl agua en las llanuras
260 _aMontevideo :
_bUNESCO :
_bORCYT,
_c1994.
300 _a59 páginas :
_bIlustraciones, mapas ;
_c30 x 22 cm.
650 1 4 _aHidrología
_xLlanuras
650 2 6 _aEvapotranspiración
650 2 6 _aAgua superficial
_xManejo
650 2 6 _aAguas subterráneas
_x Administración.
942 _cLIBRO
_2ddc
999 _c4716
_d4716